| 000 | 01579cam a22004215a 4500 | ||
|---|---|---|---|
| 999 |
_c10210 _d10210 |
||
| 001 | 18682760 | ||
| 003 | OSt | ||
| 005 | 20210217160150.0 | ||
| 008 | 150701s1998 caua b 000 0 eng | ||
| 010 | _a 98044571 | ||
| 020 |
_a0830723617 _q(trade) |
||
| 020 |
_a9780830723614 _q(trade) |
||
| 035 | _a(OCoLC)ocm39923370 | ||
| 040 |
_aDLC _beng _cDLC _dBAKER _dBTCTA _dOCLCG _dOCLCF _dOCLCO _dOCLCQ _dDLC |
||
| 042 | _alccopycat | ||
| 050 | _bH465E | ||
| 082 | 0 | 4 |
_a231/.3 _221 _bH465E |
| 100 | 1 |
_aHeidler, Robert D., _d1948- |
|
| 245 | 1 | 0 |
_aExperiencing the Spirit / _cRobert D. Heidler. |
| 246 | 1 |
_iAt head of title: _aDeveloping a living relationship with the Holy Spirit |
|
| 260 |
_aVentura, CA : _bRenew Books, _c©1998. |
||
| 300 |
_a259 pages : _billustrations ; _c22 cm |
||
| 336 |
_atext _btxt _2rdacontent |
||
| 337 |
_aunmediated _bn _2rdamedia |
||
| 338 |
_avolume _bnc _2rdacarrier |
||
| 504 | _aIncludes bibliographical references (pages 237-259). | ||
| 650 | 0 | _aHoly Spirit. | |
| 650 | 0 | _aGifts, Spiritual. | |
| 650 | 0 | _aExperience (Religion) | |
| 650 | 7 |
_aExperience (Religion) _2fast _0(OCoLC)fst00918383 |
|
| 650 | 7 |
_aGifts, Spiritual. _2fast _0(OCoLC)fst00942667 |
|
| 650 | 7 |
_aHoly Spirit. _2fast _0(OCoLC)fst00959009 |
|
| 856 | 4 | 2 |
_3Contributor biographical information _uhttp://www.loc.gov/catdir/enhancements/fy1511/98044571-b.html |
| 856 | 4 | 2 |
_3Publisher description _uhttp://www.loc.gov/catdir/enhancements/fy1511/98044571-d.html |
| 906 |
_a0 _bibc _ccopycat _d2 _eepcn _f20 _gy-gencatlg |
||
| 942 |
_2ddc _cBK |
||